Normal view MARC view

Entry Personal Name

Number of records used in: 1

001 - CONTROL NUMBER

  • control field: 37145

003 - CONTROL NUMBER IDENTIFIER

  • control field: dpl

005 - DATE AND TIME OF LATEST TRANSACTION

  • control field: 20111219161329.0

008 - FIXED-LENGTH DATA ELEMENTS

  • fixed length control field: 111219|||a|||||| | ||| d

040 ## - CATALOGING SOURCE

  • Original cataloging agency: dpl
  • Transcribing agency: dpl

100 ## - HEADING--PERSONAL NAME

  • Personal name: लोटिया, मनहर

670 ## - SOURCE DATA FOUND

  • Source citation: Work cat.: (dpl)49729: लोटिया, मनहर, मॉडर्न बेसिक इलेक्ट्रिकल एवं हाऊस वायरिंग सर्विसिंग /, 2011

670 ## - SOURCE DATA FOUND

  • Source citation: Work cat.: (dpl)49729: लोटिया, मनहर, मॉडर्न बेसिक इलेक्ट्रिकल एवं हाऊस वायरिंग सर्विसिंग /, 2011

© Delhi Public Library
Hit Counter
free hit counter